[Event "ICS rated blitz match"]
[Site "204.178.125.65"]
[Date "1999.08.24"]
[Round "?"]
[White "WoodPusher3"]
[Black "Hossa"]
[Result "0-1"]
[WhiteElo "2153"]
[BlackElo "2455"]
[Annotator "Fritz 5.32 (16s)"]
[PlyCount "28"]

1. e4 1... d5 {Opening = B01 - 1.e4 d5} 2. exd5 Qxd5 3. d4 c5 (3... Nf6 4. Nf3
Bf5 5. Be2 e6 6. O-O c6 7. c4 Qd6 8. Nc3 Nbd7 9. Nh4 Bg6 10. g3 Qc7 11. Bf3
O-O-O 12. Qe2 Bb4 13. Bf4 Bd6 14. Be3 e5 15. Nxg6 hxg6 16. c5 exd4 17. cxd6 Qb6
18. Bf4 dxc3 19. bxc3 Qa5 20. Rab1 Nd5 21. Qb2 N7b6 22. Bd2 Qa6 23. Rfe1 Nc4
24. Be2 Ndb6 25. Be3 Nxb2 26. Bxa6 N2a4 27. Bf1 Nxc3 28. Bxb6 axb6 29. Rxb6 Nd5
30. Rb3 Rxd6 31. Bg2 Rhd8 32. a4 Nc7 33. Bh3+ f5 34. Re7 Rd1+ 35. Kg2 R8d7 36.
Rxd7 Rxd7 37. g4 Ne6 38. gxf5 {
Van Riemsdijk,H-Tempone,M/Sao Paulo 1989/EXT 98/ - (77)}) 4. Nf3 (4. Nc3 Qxd4
5. Qxd4 cxd4 6. Nd5 Kd7 7. Bf4 Na6 8. Nf3 f6 9. Bb5+ Kd8 10. O-O-O e5 11. Rhe1
Ne7 12. Nxe5 fxe5 13. Rxe5 Bd7 14. Nxe7 Bxb5 15. Rxd4+ Bd7 16. Bg5 Kc7 17. Nd5+
Kc8 18. Rc4+ Bc6 19. Re8+ Kd7 20. Rxa8 Bxd5 21. Rcc8 h6 22. Be3 Ke7 23. g3 Be6
24. Rd8 b6 25. Rd4 Kf6 26. Rf4+ Bf5 27. g4 g6 28. gxf5 gxf5 29. Bd4+ Kg5 30.
Bxh8 Kxf4 31. Rxf8 Nc5 32. Rf7 a6 33. Rf6 h5 34. Rxb6 Ne4 35. Bd4 {
1-0 Purtscher,T-Kuehne,M/Vorarlberg 1997/EXT 99 (35)}) 4... cxd4 $146 (4... Bg4
5. Nc3 (5. Be2 cxd4 6. Nc3 Qa5 7. Qxd4 Nf6 8. Bd2 Nc6 9. Qe3 e6 10. Ne4 Qc7 11.
Nxf6+ gxf6 12. c3 h5 13. Qe4 Bd6 14. h3 Bf5 15. Qh4 O-O-O 16. Qa4 Bc5 17. Qh4
Rhg8 18. Rg1 Ne5 19. Nxe5 Qxe5 20. Bf4 Qe4 21. g3 e5 22. f3 Qc2 23. Bh6 Bxg1
24. Qc4+ Kb8 25. Rc1 Qxb2 26. g4 Qb6 27. Bd2 Be6 28. Qe4 {
0-1 Paavola,M-Kopsa,P/Kuopio 1992/EXT 98 (28)}) 5... Qd8 6. d5 Nf6 7. Be2 g6 8.
O-O Bg7 9. Be3 Nbd7 10. d6 O-O 11. h3 Bxf3 12. Bxf3 Ne5 13. Bxc5 exd6 14. Ba3
Nxf3+ 15. Qxf3 Qb6 16. Rad1 Rfd8 17. Rfe1 Rac8 18. Re7 Rc7 19. Nd5 Rxe7 20.
Nxb6 axb6 21. Rxd6 Rxd6 22. Bxd6 Re1+ 23. Kh2 Ne4 24. Bb4 Be5+ 25. g3 Ng5 26.
Qxb7 Re2 27. Qc8+ Kg7 28. Qf8+ Kf6 29. Be7+ Kf5 30. Bxg5 Kxg5 31. Qxf7 Rxc2 32.
b4 Kh6 33. Kg2 Bd6 34. Qb3 Rc7 35. Qe3+ Kg7 36. Qxb6 Rd7 37. Qc6 Rd8 38. b5 Kf7
39. a4 Ke7 40. b6 Bb8 41. a5 Rd6 42. Qb7+ {
1-0 Wojcio,M-Dorais,W/Los Angeles 1991/TD (42)}) (4... Nf6 5. Bb5+ Bd7 6. Nc3
Qd6 7. O-O cxd4 8. Nxd4 e6 9. g3 Be7 10. Bxd7+ Qxd7 11. Qf3 O-O 12. Rd1 Qc8 13.
Bf4 a6 14. Rd3 Nbd7 15. Rad1 Rd8 16. Qe2 Nc5 17. R3d2 Nd5 18. Nxd5 Rxd5 19. c4
{Jehle,B-Spielberger,J/Goetzis 1995/EXT 97/1-0 (50)}) 5. Nc3 Qe6+ 6. Ne2 Bd7 7.
Nfxd4 Qd6 8. Bf4 $15 (8. Nc3 Nc6 9. Ncb5 9... Qb8 $11) 8... e5 9. Bg3 Qe7 10.
Nb3 Nc6 11. Nc3 Nf6 12. Bh4 O-O-O 13. Bd3 Qb4 14. O-O $4 $19 (14. Bxf6 $142 {
haette die Partie gerettet} 14... gxf6 15. a3 $11) 14... Qxh4 (14... Qxh4 15.
Qe1 15... Bd6 $19) 0-1

[Event "ICS rated blitz match"]
[Site "204.178.125.65"]
[Date "1999.08.24"]
[Round "?"]
[White "Hossa"]
[Black "WoodPusher3"]
[Result "1/2-1/2"]
[WhiteElo "2460"]
[BlackElo "2148"]
[PlyCount "69"]

1. d4 Nf6 2. c4 g6 3. Nc3 d5 4. cxd5 Nxd5 5. e4 Nxc3 6. bxc3 Bg7 7. Bb5+ c6 8.
Be2 O-O 9. Bg5 Qa5 10. Qd2 e6 11. Nf3 Nd7 12. Rd1 Nf6 13. Bxf6 Bxf6 14. O-O e5
15. dxe5 Bxe5 16. Nxe5 Qxe5 17. f3 Be6 18. a3 Qc5+ 19. Qd4 Qxa3 20. Rb1 b6 21.
Qf6 Rfd8 22. Rfe1 Rd2 23. Rbd1 Qc5+ 24. Kf1 Qe3 25. Rxd2 Qxd2 26. Rd1 Qb2 27.
h3 a5 28. Rd6 Qb3 29. Rxc6 a4 30. Rd6 a3 31. Rd8+ Rxd8 32. Qxd8+ Kg7 33. Qd4+
Kg8 34. Qd8+ Kg7 35. Qd4+ {Game drawn by mutual agreement} 1/2-1/2

[Event "ICS rated blitz match"]
[Site "204.178.125.65"]
[Date "1999.08.24"]
[Round "?"]
[White "Hossa"]
[Black "VESta"]
[Result "1/2-1/2"]
[WhiteElo "2449"]
[BlackElo "2101"]
[PlyCount "73"]

1. d4 d5 2. c4 c6 3. Nc3 Nf6 4. cxd5 cxd5 5. f3 Bf5 6. Bg5 Nbd7 7. Qb3 Qb6 8.
Qxb6 Nxb6 9. e4 dxe4 10. Bxf6 exf6 11. Bb5+ Bd7 12. Bxd7+ Kxd7 13. fxe4 Bb4 14.
Nge2 Rhe8 15. O-O Rac8 16. Rf2 Bxc3 17. Nxc3 Rc4 18. Rd1 Rec8 19. g4 h6 20. h4
Na4 21. Nxa4 Rxa4 22. b3 Ra5 23. e5 fxe5 24. Rxf7+ Ke6 25. Rxg7 exd4 26. Rxb7
Rxa2 27. Rh7 Rcc2 28. Rxh6+ Ke5 29. Rh5+ Ke4 30. g5 Rg2+ 31. Kh1 Rh2+ 32. Kg1
Rag2+ 33. Kf1 Ke3 34. Rh7 Rf2+ 35. Kg1 Rfg2+ 36. Kf1 Rf2+ 37. Kg1 {
Game drawn by mutual agreement} 1/2-1/2

[Event "ICS rated blitz match"]
[Site "204.178.125.65"]
[Date "1999.08.24"]
[Round "?"]
[White "GerryB"]
[Black "Hossa"]
[Result "1/2-1/2"]
[WhiteElo "2296"]
[BlackElo "2437"]
[PlyCount "104"]

1. c4 e6 2. Nc3 d5 3. e3 Bb4 4. Nf3 Nf6 5. cxd5 exd5 6. d4 Bg4 7. Be2 O-O 8.
O-O c5 9. a3 Bxc3 10. bxc3 Ne4 11. Qc2 cxd4 12. c4 dxe3 13. Bxe3 Qc7 14. Rfc1
Qd6 15. Rd1 Rc8 16. Qd3 Rxc4 17. Qxd5 Qxd5 18. Rxd5 Rc8 19. Rad1 Nc6 20. Re1
Nc3 21. Rg5 Nxe2+ 22. Rxe2 Bxf3 23. gxf3 Re8 24. Rd2 Rad8 25. Rgd5 Rxd5 26.
Rxd5 a6 27. a4 Re5 28. Rd7 Ra5 29. Rxb7 Rxa4 30. Rc7 Nd8 31. Rc8 Kf8 32. Rxd8+
Ke7 33. Ra8 Ke6 34. Kg2 h5 35. f4 g6 36. Kf3 Kf5 37. Ra7 f6 38. Ra8 Ra3 39. Ra7
Ra4 40. h3 Ke6 41. Rb7 Kf5 42. Rb6 Ra3 43. Rc6 a5 44. Rc5+ Ke6 45. Ke4 f5+ 46.
Kd4 Kd6 47. Rb5 Kc6 48. Re5 Kd7 49. Rb5 Kc6 50. Re5 Kd7 51. Rb5 Kc6 52. Re5
52... Kd7 {Game drawn by repetition} 1/2-1/2

[Event "ICS Rated blitz match"]
[Site "204.178.125.65"]
[Date "1999.08.24"]
[Round "?"]
[White "PostModernist"]
[Black "Hossa"]
[Result "1-0"]
[WhiteElo "2604"]
[BlackElo "2431"]
[PlyCount "57"]

1. e4 d5 2. exd5 Qxd5 3. Nc3 Qa5 4. Nf3 Bg4 5. h3 Bxf3 6. Qxf3 Qe5+ 7. Be2 c6
8. d3 Nd7 9. Bf4 Qf6 10. Qg3 e6 11. O-O-O Qe7 12. Ne4 e5 13. Be3 Rd8 14. d4
Ngf6 15. Nxf6+ gxf6 16. Bg4 Nb6 17. dxe5 Rxd1+ 18. Rxd1 Qxe5 19. Bf4 Qe4 20.
Bg5 Nd5 21. Qb8+ Ke7 22. Qxb7+ Kd6 23. Qd7+ Kc5 24. Rxd5+ Qxd5 25. Be3+ Kb5 26.
Be2+ Qc4 27. Bxc4+ Kxc4 28. Qxc6+ Bc5 29. Qxc5# {Hossa checkmated} 1-0

[Event "ICS Rated blitz match"]
[Site "204.178.125.65"]
[Date "1999.08.24"]
[Round "?"]
[White "Hossa"]
[Black "VESta"]
[Result "1-0"]
[WhiteElo "2422"]
[BlackElo "2113"]
[PlyCount "85"]

1. d4 Nf6 2. c4 c5 3. d5 b5 4. cxb5 a6 5. f3 d6 6. e4 g6 7. bxa6 Bg7 8. Bb5+
Nfd7 9. Ne2 Bxa6 10. Nbc3 O-O 11. O-O Qb6 12. Bxa6 Nxa6 13. Nf4 c4+ 14. Kh1
Rfc8 15. Qe2 Ne5 16. Be3 Qb7 17. Na4 Rab8 18. Nb6 Rc7 19. Rfc1 Nc5 20. Nxc4
Nxc4 21. Rxc4 Qxb2 22. Rac1 Qxe2 23. Nxe2 Rb2 24. R1c2 Rxc2 25. Rxc2 Rb7 26. g4
Rb1+ 27. Kg2 h6 28. h4 Na4 29. Bf2 Nb2 30. Bd4 Bxd4 31. Nxd4 Nd3 32. Kg3 Rg1+
33. Kh2 Rd1 34. Nb3 Ne1 35. Rc3 Rb1 36. Kg3 Rb2 37. a3 g5 38. Nd4 Ra2 39. Nf5
gxh4+ 40. Kxh4 Nc2 41. Nxe7+ Kh7 42. Nf5 Nxa3 43. Nxd6 {VESta resigns} 1-0

[Event "ICS Rated blitz match"]
[Site "204.178.125.65"]
[Date "1999.08.24"]
[Round "?"]
[White "Yousef"]
[Black "Hossa"]
[Result "0-1"]
[WhiteElo "2192"]
[BlackElo "2427"]
[PlyCount "50"]

1. d4 d5 2. c4 dxc4 3. e3 e5 4. Bxc4 exd4 5. exd4 Bd6 6. Nf3 Qe7+ 7. Be3 Nf6 8.
Nc3 O-O 9. O-O Ng4 10. Bg5 Bxh2+ 11. Kh1 Qb4 12. Bb3 Bd6 13. Qd3 Bd7 14. Bc2 g6
15. Nd5 Qxb2 16. Nf6+ Nxf6 17. Bxf6 Bb5 18. Qd2 Bf4 19. Qxf4 Nd7 20. Rfc1 Bc6
21. Ne5 Nxf6 22. Qxf6 Qxd4 23. Rd1 Qc3 24. Rac1 Qh3+ 25. Kg1 25... Qxg2# {
Yousef checkmated} 0-1

[Event "ICS Rated blitz match"]
[Site "204.178.125.65"]
[Date "1999.08.24"]
[Round "?"]
[White "Talmoves"]
[Black "Hossa"]
[Result "1-0"]
[WhiteElo "2575"]
[BlackElo "2432"]
[PlyCount "41"]

1. e4 c5 2. Nf3 d6 3. d4 cxd4 4. Nxd4 Nf6 5. Nc3 Nc6 6. Bg5 Nxd4 7. Qxd4 Ng4 8.
f3 Ne5 9. Bb5+ Bd7 10. Bxd7+ Nxd7 11. O-O-O Rc8 12. Qxa7 g6 13. Qxb7 Rxc3 14.
bxc3 h6 15. Rxd6 f6 16. Ra6 Nc5 17. Qc6+ Qd7 18. Qxc5 hxg5 19. Rd1 Qb7 20. Ra7
Qb8 21. Rdd7 {Hossa resigns} 1-0

[Event "ICS Rated blitz match"]
[Site "204.178.125.65"]
[Date "1999.08.24"]
[Round "?"]
[White "Beadle"]
[Black "Hossa"]
[Result "0-1"]
[WhiteElo "2596"]
[BlackElo "2414"]
[PlyCount "134"]

1. d4 d5 2. Nf3 c6 3. Nc3 Bf5 4. Bf4 e6 5. e3 Bb4 6. Bd3 Ne7 7. O-O O-O 8. Ne2
Bxd3 9. Qxd3 Ng6 10. Qb3 Nxf4 11. Nxf4 Qe7 12. Rac1 Bd6 13. c4 Bxf4 14. exf4 b6
15. cxd5 exd5 16. Ne5 Qd6 17. Qc3 Rc8 18. Qh3 Rc7 19. Rfe1 c5 20. Nc4 Qd7 21.
Nd2 Na6 22. Qxd7 Rxd7 23. dxc5 Nxc5 24. Rc3 d4 25. Rf3 Rc8 26. f5 Na4 27. Rb3
Kf8 28. Rh3 h6 29. b3 Nc3 30. f6 Nxa2 31. Nc4 Nb4 32. Ne5 Rdc7 33. fxg7+ Kxg7
34. Rg3+ Kh7 35. Rf3 Re8 36. Kf1 Kg7 37. Rg3+ Kf8 38. Rf3 Re6 39. Rf5 Ke8 40.
Rd1 Rc5 41. Rxf7 Rcxe5 42. Rxa7 Nc2 43. f4 Re4 44. g3 Ne3+ 45. Ke1 Nxd1+ 46.
Kxd1 Re1+ 47. Kd2 R6e3 48. Ra8+ Ke7 49. Ra7+ Kf6 50. Ra6 R1e2+ 51. Kd1 Rxh2 52.
Rxb6+ Kf5 53. Rb5+ Kg4 54. Re5 Rxb3 55. Re2 Rxe2 56. Kxe2 Rxg3 57. Kd2 d3 58.
f5 Kxf5 59. Kc3 d2+ 60. Kxd2 Kg4 61. Kc2 h5 62. Kd2 h4 63. Kc2 h3 64. Kd2 h2
65. Ke2 h1=Q 66. Kf2 Qh2+ 67. Kf1 67... Rg1# {Beadle checkmated} 0-1

[Event "ICS Rated blitz match"]
[Site "204.178.125.65"]
[Date "1999.08.24"]
[Round "?"]
[White "Hossa"]
[Black "Beadle"]
[Result "0-1"]
[WhiteElo "2438"]
[BlackElo "2572"]
[PlyCount "67"]

1. d4 d5 2. c4 c6 3. Nc3 e6 4. Nf3 dxc4 5. e4 b5 6. Be2 Nf6 7. Bg5 Be7 8. Qc2
Na6 9. a4 Qb6 10. axb5 cxb5 11. O-O Nb4 12. Qd2 Bb7 13. Ne5 Rd8 14. Rfd1 h6 15.
Bxf6 Bxf6 16. Nf3 O-O 17. Bf1 Rd7 18. Kh1 Rfd8 19. Qf4 Nc2 20. Ra2 Nxd4 21.
Raa1 Nxf3 22. Qxf3 Rd2 23. Nd5 R8xd5 24. exd5 Rxf2 25. Qa3 Bxd5 26. Qxa7 Qxa7
27. Rxa7 Rxb2 28. Rc7 Be5 29. Re7 Bf4 30. Re8+ Kh7 31. Re7 c3 32. Rd4 c2 33.
Rxf4 c1=Q 34. Rexf7 {Hossa resigns} 0-1

[Event "ICS Rated blitz match"]
[Site "204.178.125.65"]
[Date "1999.08.24"]
[Round "?"]
[White "Beadle"]
[Black "Hossa"]
[Result "1-0"]
[WhiteElo "2582"]
[BlackElo "2428"]
[PlyCount "85"]

1. d4 d5 2. Nf3 c6 3. Nc3 Bf5 4. Bf4 e6 5. Qd2 Bb4 6. e3 Nf6 7. Bd3 Ne4 8. Bxe4
Bxe4 9. Ng5 Bf5 10. O-O f6 11. Nf3 Bg4 12. Ne1 O-O 13. Nd3 Bxc3 14. Qxc3 Be2
15. Nc5 Qe7 16. Rfe1 Bh5 17. e4 b6 18. Nd3 dxe4 19. Rxe4 Bg6 20. Re3 Qd7 21.
Rae1 Bf5 22. h3 Rd8 23. g4 Bxd3 24. Qxd3 Re8 25. Qc4 Kf7 26. Rc3 b5 27. Qc5 Re7
28. a3 a5 29. Re4 Qd5 30. f3 b4 31. axb4 axb4 32. Qxb4 Ra1+ 33. Kh2 Nd7 34.
Rce3 c5 35. dxc5 e5 36. Rd3 Qxc5 37. Qb3+ Kf8 38. Be3 Qc8 39. Rc4 Qa6 40. Rc7
Ra5 41. Rdxd7 Rxd7 42. Rxd7 f5 43. Qf7# {Hossa checkmated} 1-0

[Event "ICS rated bullet match"]
[Site "204.178.125.65"]
[Date "1999.08.24"]
[Round "?"]
[White "Hossa"]
[Black "Beadle"]
[Result "0-1"]
[WhiteElo "2318"]
[BlackElo "2476"]
[Annotator "saj"]
[PlyCount "94"]
[EventDate "1999.??.??"]

1. e4 e5 2. Nf3 Nc6 3. Bc4 Nf6 4. Ng5 d5 5. exd5 Na5 6. Bb5+ c6 7. dxc6 bxc6 8.
Be2 Bc5 ({RR} 8... g6 9. O-O Bg7 10. d4 exd4 11. c3 O-O 12. cxd4 Qb6 13. Bd2
Qxb2 14. Nc3 Qa3 15. Na4 Nb7 16. Rb1 Nd5 17. Bc4 Qe7 18. Re1 Qd8 19. Qf3 h6 20.
Ne4 Na5 21. Bf1 Nb7 22. Rbc1 Bd7 23. Qg3 {
Zelcic,R-Bellia,F/Formia 1995/EXT 97/1-0 (69)}) 9. O-O ({RR} 9. c3 9... Ne4 10.
Nxe4 Be7 11. O-O O-O 12. d4 exd4 13. cxd4 f5 14. Ned2 Bd6 15. Bc4+ Kh8 16. h3
Qg5 17. Be2 f4 18. Nf3 Qg6 19. Bd3 Qh5 20. Bd2 Bf5 21. Bxa5 Bxd3 22. Qxd3 Rf6
23. Bd2 23... Rg6 {
Trubacikova,I-Hogrova,N/Svetla nad Sazavou 1998/EXT 99/1-0 (58)}) 9... Rb8 $146
({RR} 9... O-O 10. Nc3 ({RR} 10. d3 10... h6 11. Ne4 Qe7 12. Nbc3 Bf5 13. Bf3
Rad8 14. Bd2 Bb6 15. Qe1 Rd4 16. Nxf6+ Qxf6 17. Ne2 Ra4 18. b3 Ra3 19. Bb4 Re8
20. Bxa3 Re6 21. Ng3 Bd4 22. Rb1 Bb6 23. Qb4 c5 24. Qd2 a6 25. b4 Nb7 26. bxc5
Nxc5 27. Bxc5 Bxc5 28. Rb8+ Bf8 29. Nxf5 Qxf5 30. Qb4 Qg5 31. Qxf8+ Kh7 32.
Be4+ f5 33. Bxf5+ Rg6 34. Qh8# {
1-0 Stehno,P-Karasz,J/CZE-chJM U10 1993/EXT 97 (34)}) 10... Bf5 11. d3 Nd5 12.
Nce4 Bb6 13. Bd2 Nb7 14. c3 Nd6 15. c4 Bxe4 16. dxe4 Nf6 17. Bd3 h6 18. Nf3 Re8
19. Re1 Nb7 20. Bc3 Qc7 21. Qe2 Nd7 22. Rad1 a5 23. Bc2 Nbc5 24. a3 {
Norris,S-Tarnapolsky,L/Canberra 1995/EXT 98/0-1 (37)}) ({RR} 9... h6 10. Nf3
Ng4 11. g3 {- Staub,F-Haparta,J/Wuerzburg 1995/EXT 99 (11)}) 10. b3 Qd4 11. Nc3
O-O 12. a3 Nd5 13. Bb2 Nf4 14. Na4 Qd6 15. Nxc5 Qxc5 16. Bc3 Bf5 17. Bb4 Rxb4
18. axb4 Qxb4 19. Re1 Rd8 20. Bh5 g6 21. Rxe5 Rxd2 22. Qf3 Bxc2 23. Ra4 $2 (23.
Raxa5 Rd1+ 24. Qxd1 Bxd1 25. Bxd1 $18) 23... Ne2+ 24. Qxe2 Rxe2 25. Rxe2 Qxb3
26. Ra1 gxh5 27. Nf3 Nc4 28. Rxa7 Bf5 29. Rc7 Nd6 30. Rxc6 Qb5 31. Rxd6 Qxe2
32. Rd2 Qc4 33. Rd8+ Kg7 34. Re8 Be6 35. Kh1 Qf1+ 36. Ng1 Qxf2 37. Rd8 Kf6 38.
Rd3 Bf5 39. Rf3 Qd4 40. Rb3 Be4 41. Rg3 h4 42. Rb3 Qf2 43. Rf3+ Bxf3 44. gxf3
h3 45. Nxh3 Qxf3+ 46. Kg1 Qxh3 47. Kh1 47... Qf1# {Hossa checkmated} 0-1

[Event "ICS rated blitz match"]
[Site "204.178.125.65"]
[Date "1999.08.24"]
[Round "?"]
[White "Hossa"]
[Black "bizarre"]
[Result "1-0"]
[WhiteElo "2419"]
[BlackElo "2389"]
[PlyCount "47"]

1. d4 e6 2. d5 Nf6 3. c4 exd5 4. cxd5 Bb4+ 5. Nc3 O-O 6. Bg5 h6 7. Bxf6 Qxf6 8.
Rc1 d6 9. e3 Re8 10. Bb5 Bd7 11. Bxd7 Nxd7 12. Nge2 a6 13. a3 Bc5 14. O-O Qg5
15. b4 Ba7 16. Ng3 Ne5 17. Nce4 Qg6 18. Rxc7 Ng4 19. Qf3 b5 20. Nf5 Ne5 21. Qh3
Nc4 22. Ne7+ Rxe7 23. Rxe7 f5 24. Re6 {bizarre resigns} 1-0

[Event "ICS rated blitz match"]
[Site "204.178.125.65"]
[Date "1999.08.24"]
[Round "?"]
[White "Chess1201"]
[Black "Hossa"]
[Result "0-1"]
[WhiteElo "2200"]
[BlackElo "2434"]
[PlyCount "27"]

1. d4 d5 2. c4 dxc4 3. Nf3 Nf6 4. Nc3 a6 5. e4 b5 6. a4 b4 7. Na2 Nxe4 8. Nxb4
e5 9. Nc2 exd4 10. Bxc4 c5 11. b4 Nc3 12. Qd3 Qe7+ 13. Kd2 Ne4+ 14. Kd1 {
Chess1201 resigns} 0-1

[Event "ICS rated blitz match"]
[Site "204.178.125.65"]
[Date "1999.08.24"]
[Round "?"]
[White "knightmare51"]
[Black "Hossa"]
[Result "0-1"]
[WhiteElo "2165"]
[BlackElo "2434"]
[PlyCount "43"]

1. e4 e5 2. Bc4 Nf6 3. d3 d5 4. exd5 Nxd5 5. Nf3 Bg4 6. h3 Bxf3 7. Qxf3 c6 8.
Nc3 Bb4 9. O-O Bxc3 10. bxc3 O-O 11. Ba3 Re8 12. Bxd5 cxd5 13. Rab1 Qd7 14.
Rfe1 Nc6 15. Re2 Re6 16. Rbe1 Rd8 17. Bc1 Qc7 18. Qg3 Qa5 19. Bg5 Rde8 20. f4
Qc5+ 21. Kh2 exf4 22. Qxf4 {knightmare51 resigns} 0-1

[Event "ICS rated blitz match"]
[Site "204.178.125.65"]
[Date "1999.08.24"]
[Round "?"]
[White "Hossa"]
[Black "shally"]
[Result "1-0"]
[WhiteElo "2440"]
[BlackElo "2311"]
[PlyCount "59"]

1. d4 c5 2. d5 Nf6 3. c4 b5 4. cxb5 a6 5. f3 d6 6. bxa6 g6 7. e4 Bg7 8. Bb5+
Nfd7 9. Ne2 O-O 10. O-O Bxa6 11. Nbc3 c4 12. Bxa6 Nxa6 13. Be3 Nb4 14. Qd2 Qa5
15. Bh6 Nd3 16. Bxg7 Kxg7 17. Kh1 Rfb8 18. b3 Qc5 19. Nd1 Rxb3 20. axb3 Rxa1
21. Qc3+ f6 22. Qxa1 cxb3 23. Qa4 Qc2 24. Qxd7 Qxe2 25. Qxe7+ Kh6 26. Qf8+ Kh5
27. Rg1 b2 28. g4+ Kg5 29. h4+ Kxh4 30. Qh6# {shally checkmated} 1-0

[Event "ICS rated blitz match"]
[Site "204.178.125.65"]
[Date "1999.08.24"]
[Round "?"]
[White "RedBear"]
[Black "Hossa"]
[Result "1-0"]
[WhiteElo "2475"]
[BlackElo "2450"]
[PlyCount "61"]

1. d4 d5 2. c4 dxc4 3. Nf3 Nf6 4. e3 e6 5. Bxc4 c5 6. O-O a6 7. Qe2 b5 8. Bb3
Bb7 9. Rd1 Bxf3 10. Qxf3 Nbd7 11. d5 c4 12. dxe6 fxe6 13. Bc2 Bc5 14. Qc6 Kf7
15. Nc3 Bb4 16. Ne4 Nd5 17. Rxd5 exd5 18. Qxd5+ Ke7 19. Ng5 Qg8 20. Qe4+ Kd6
21. Bd2 Bxd2 22. Rd1 c3 23. bxc3 Re8 24. Rxd2+ Kc7 25. Qd4 Nb6 26. Qc5+ Kb7 27.
Rd6 Qc4 28. Qxb6+ Kc8 29. Bf5+ Qe6 30. Rc6+ Kd7 31. Qc7# {Hossa checkmated} 1-0

[Event "ICS rated blitz match"]
[Site "204.178.125.65"]
[Date "1999.08.24"]
[Round "?"]
[White "Hossa"]
[Black "VESta"]
[Result "1-0"]
[WhiteElo "2435"]
[BlackElo "2103"]
[PlyCount "27"]

1. d4 f5 2. c4 g6 3. Bg5 Bg7 4. e3 Nf6 5. Nc3 O-O 6. Bd3 d6 7. Nge2 Nc6 8. O-O
e5 9. Nd5 Be6 10. Bxf6 Bxf6 11. Nxf6+ Qxf6 12. d5 e4 13. Bc2 Ne5 14. dxe6 {
VESta resigns} 1-0

[Event "ICS rated blitz match"]
[Site "204.178.125.65"]
[Date "1999.08.24"]
[Round "?"]
[White "rotov"]
[Black "Hossa"]
[Result "0-1"]
[WhiteElo "2068"]
[BlackElo "2439"]
[PlyCount "40"]

1. e4 e5 2. Nc3 Nc6 3. f4 exf4 4. Nf3 Bb4 5. d4 Nf6 6. Bd3 d5 7. exd5 Nxd5 8.
Qe2+ Qe7 9. Bd2 Ne3 10. Bxe3 Bxc3+ 11. bxc3 fxe3 12. O-O O-O 13. Rae1 Re8 14.
Bc4 Bg4 15. Qd3 Rad8 16. Bb3 Bxf3 17. Rxf3 Ne5 18. Bxf7+ Nxf7 19. Rexe3 Qa3 20.
Qc4 20... Qc1+ {rotov resigns} 0-1

[Event "ICS rated blitz match"]
[Site "204.178.125.65"]
[Date "1999.08.24"]
[Round "?"]
[White "Hossa"]
[Black "RedBear"]
[Result "1-0"]
[WhiteElo "2442"]
[BlackElo "2510"]
[PlyCount "108"]

1. d4 Nf6 2. c4 e6 3. Nc3 Bb4 4. Bg5 h6 5. Bh4 c5 6. d5 d6 7. Rc1 e5 8. f3 Nbd7
9. e4 O-O 10. Bd3 Nb6 11. Nge2 Bd7 12. O-O a6 13. f4 exf4 14. Nxf4 g5 15. Nh5
Bxc3 16. bxc3 Ng4 17. Bg3 Ne3 18. Qd2 Nbxc4 19. Bxc4 Nxc4 20. Qe2 b5 21. Nf6+
Kh8 22. e5 Rg8 23. Nxg8 Qxg8 24. Rf6 dxe5 25. Qh5 Qg7 26. Rxh6+ Kg8 27. Rf1 Rf8
28. Rff6 e4 29. Bf2 e3 30. Be1 a5 31. Bg3 b4 32. Qe2 Bb5 33. Qc2 Rd8 34. d6
bxc3 35. Qxc3 Rb8 36. d7 Rd8 37. a4 Rxd7 38. axb5 Rd1+ 39. Be1 g4 40. b6 Nxb6
41. Qxe3 Nd7 42. Rd6 Rxd6 43. Rxd6 Qe5 44. Qd2 Nf6 45. Qd1 Qe3+ 46. Kh1 Qe5 47.
Bh4 Ne4 48. Qxg4+ Kh7 49. Rd1 c4 50. Re1 f5 51. Qh5+ Kg7 52. Rb1 Nc5 53. Qg5+
Kh7 54. Bf2 54... Qg7 {RedBear resigns} 1-0

[Event "ICS rated blitz match"]
[Site "204.178.125.65"]
[Date "1999.08.24"]
[Round "?"]
[White "VESta"]
[Black "Hossa"]
[Result "0-1"]
[WhiteElo "2112"]
[BlackElo "2461"]
[PlyCount "48"]

1. d4 d5 2. c4 e5 3. e3 exd4 4. exd4 Qe7+ 5. Be2 dxc4 6. Nf3 Bg4 7. O-O Nc6 8.
d5 Bxf3 9. Bxf3 Ne5 10. Qa4+ Qd7 11. Qxd7+ Kxd7 12. Be2 Nf6 13. Nc3 Bb4 14. Bf4
Nd3 15. Bxd3 cxd3 16. Rfd1 Bxc3 17. bxc3 Nxd5 18. Rxd3 Kc6 19. Be5 f6 20. Rad1
Nb6 21. Bg3 Rhe8 22. h4 Re2 23. a4 Nxa4 24. Rd7 24... Re1+ {VESta resigns} 0-1

[Event "ICS rated blitz match"]
[Site "204.178.125.65"]
[Date "1999.08.24"]
[Round "?"]
[White "Hossa"]
[Black "Beadle"]
[Result "0-1"]
[WhiteElo "2465"]
[BlackElo "2527"]
[PlyCount "66"]

1. d4 Nf6 2. c4 e6 3. Nc3 Bb4 4. Bg5 c5 5. d5 d6 6. f3 Bxc3+ 7. bxc3 h6 8. Bh4
g5 9. Bg3 Qa5 10. Qd2 exd5 11. cxd5 Nxd5 12. Rc1 Be6 13. e4 Nf6 14. Bxd6 Nc6
15. Rb1 O-O-O 16. Rb5 Rxd6 17. Qxd6 Qxc3+ 18. Kf2 Qc2+ 19. Be2 Nd7 20. h4 a6
21. Rb3 Nde5 22. Rb6 Rd8 23. Rxc6+ Nxc6 24. Qh2 Rd2 25. hxg5 Nd4 26. gxh6 Nxe2
27. Nxe2 Rxe2+ 28. Kg3 Qd2 29. Qh3 Qg5+ 30. Qg4 Bxg4 31. f4 Re3+ 32. Kh2 Qh4+
33. Kg1 33... Re1# {Hossa checkmated} 0-1

[Event "ICS Rated blitz match"]
[Site "204.178.125.65"]
[Date "1999.08.24"]
[Round "?"]
[White "Hossa"]
[Black "matar"]
[Result "1-0"]
[WhiteElo "2452"]
[BlackElo "2242"]
[PlyCount "71"]

1. e4 c5 2. Nf3 e6 3. Nc3 a6 4. d4 cxd4 5. Nxd4 Qc7 6. Nde2 Nf6 7. Bg5 b5 8.
Bxf6 gxf6 9. a3 h5 10. Ng3 h4 11. Nh5 Rh6 12. Qf3 Qe5 13. Be2 Bb7 14. Qg4 Nc6
15. f4 Qd4 16. Qxh4 O-O-O 17. Rd1 Qe3 18. Qg3 Qb6 19. Bg4 f5 20. exf5 Nd4 21.
fxe6 dxe6 22. Rc1 f5 23. Bd1 b4 24. axb4 Bxb4 25. Kf1 Rhh8 26. Qe3 Rhg8 27. Rg1
Qc6 28. Ng3 Bc5 29. Qe5 Nb5 30. Bf3 Qb6 31. Na4 Bxg1 32. Nxb6+ Bxb6 33. Qxe6+
Kc7 34. Qf7+ Rd7 35. Qc4+ Kd6 36. Nxf5# {matar checkmated} 1-0

[Event "ICS rated blitz match"]
[Site "204.178.125.65"]
[Date "1999.08.24"]
[Round "?"]
[White "matar"]
[Black "Hossa"]
[Result "0-1"]
[WhiteElo "2235"]
[BlackElo "2459"]
[PlyCount "56"]

1. e4 e5 2. Nf3 Nc6 3. Bb5 a6 4. Ba4 b5 5. Bb3 Bc5 6. c3 Nf6 7. d4 exd4 8. cxd4
Bb4+ 9. Nc3 Nxe4 10. O-O Bxc3 11. bxc3 O-O 12. Re1 d5 13. Rxe4 dxe4 14. Ng5 Bf5
15. g4 Bg6 16. h4 h6 17. h5 Bxh5 18. gxh5 hxg5 19. Qg4 Na5 20. Bxg5 Qc8 21.
Qxe4 Nxb3 22. axb3 Qh3 23. Re1 Qxh5 24. Qg2 Rfe8 25. Be3 Ra7 26. d5 a5 27. Rc1
Ra6 28. Bd4 28... Rg6 {matar resigns} 0-1

[Event "ICS rated blitz match"]
[Site "204.178.125.65"]
[Date "1999.08.24"]
[Round "?"]
[White "matar"]
[Black "Hossa"]
[Result "1-0"]
[WhiteElo "2222"]
[BlackElo "2472"]
[PlyCount "135"]

1. e4 e5 2. Nf3 Nc6 3. Bb5 a6 4. Ba4 b5 5. Bb3 Bc5 6. c3 Nf6 7. d4 exd4 8. e5
O-O 9. exf6 Re8+ 10. Kf1 Qxf6 11. Bg5 Qd6 12. cxd4 Bxd4 13. Nc3 Bxc3 14. Qxd6
cxd6 15. bxc3 Ne5 16. Nd4 h6 17. Bf4 b4 18. cxb4 g5 19. Bg3 a5 20. b5 Rb8 21.
a4 Kh7 22. h4 gxh4 23. Rxh4 Rb6 24. Re1 Rg8 25. Bxe5 dxe5 26. Rxe5 Bb7 27. f3
Kg7 28. Rg4+ Rg6 29. Rxg6+ Kxg6 30. Re7 Rd8 31. Rxf7 Bc8 32. g4 Re8 33. Kf2 Re5
34. Rf5 Rxf5 35. Nxf5 Bb7 36. Bc2 Kg5 37. Nd6 Bd5 38. Ne4+ Kf4 39. Nc3 Bxf3 40.
Ne2+ Kxg4 41. Bf5+ Kxf5 42. Kxf3 Ke6 43. Nd4+ Ke7 44. Nb3 Kd6 45. Nxa5 Kc5 46.
Nb3+ Kb6 47. Nd4 h5 48. Kg3 Ka5 49. Kh4 d5 50. Kxh5 Kb6 51. Kg5 Kb7 52. Kf5 Kb8
53. Ke5 Kc8 54. Kxd5 Kd8 55. Kc6 Ke7 56. b6 Ke8 57. b7 Ke7 58. b8=Q Kf6 59.
Qd6+ Kg5 60. Qe6 Kf4 61. Kd5 Kg3 62. Qe3+ Kg2 63. Qf4 Kg1 64. Qf3 Kh2 65. Qg4
Kh1 66. Ke4 Kh2 67. Kf3 Kh1 68. Qg2# {Hossa checkmated} 1-0